| 000 | 00370 a2200121 4500 | ||
|---|---|---|---|
| 001 | ART_24039 | ||
| 005 | 20260410161933.0 | ||
| 008 | 260409a | ||
| 245 | 1 | 0 | _aUna transición incompleta. |
| 100 | 1 | _aHeymann, Daniel | |
| 700 | 1 | _aRamos, Adrián | |
| 773 | 0 |
_tRevista de Economía Política de Buenos Aires _g- Año 4, Nº 7/8 (nov. 2010) _wREV23982 |
|
| 999 |
_c28807 _d28807 |
||